000 01036nam a2200265 a 4500
001 BRCA_6384
005 20190320205432.0
008 150311s1964----nyuao#####---#000-0#eng-#
041 _aeng
044 _anyu
050 4 _aCT275
_b.S52 1964
100 1 _aSloan, Alfred P.
_d1875-1966
_q(Alfred Pritchard)
_915974
245 1 0 _aMy Years with General Motors
_cby Alfred P. Sloan ; edited by John McDonald with Catharine Stevens.
260 _aGarden City, Nueva York
_bDoubleday & Company
_c1964
300 _axxv, 472 p.
_bil.
_c24 cm
500 _aIncluye lista de ilustraciones e índice alfabético
500 _aCEF68
610 2 4 _aGeneral Motors Corporation
_xAdministración
_915975
650 1 4 _aIndustria y comercio del automóvil
_vEstudios de caso
_xDirección
_zEstados Unidos de Norteamérica
_915976
650 1 4 _aOrganización industrial
_vEstudios de caso
_zEstados Unidos de Norteamérica
_915977
700 1 _aMcDonald, John
_d1906-1998
_915978
700 1 _aStevens, Catharine
_915979
902 _aGFM
942 _2lcc
_cB
999 _c6070
_d6070